[Event "GER-chB Seniors 27th"]
[Site "Magdeburg"]
[Date "2015.08.18"]
[Round "4"]
[White "Knobling, Rolf"]
[Black "Kotlenga, Dietmar"]
[Result "0-1"]
[WhiteElo "1576"]
[BlackElo "1426"]
[PlyCount "70"]
[EventDate "2015.08.15"]
[EventType "swiss"]
[EventRounds "9"]
[EventCountry "GER"]
[SourceTitle "EXT 2018"]
[Source "ChessBase"]
[SourceDate "2017.10.13"]
[SourceVersion "1"]
[SourceVersionDate "2017.10.13"]
[SourceQuality "1"]

1. e4 c5 2. Nf3 Nc6 3. c3 d6 4. d4 cxd4 5. cxd4 e6 6. Nc3 a6 7. Be3 Nf6 8. h3 Be7 9. a3 Qc7 10. Rc1 Qa5 11. Bd3 Bd7 12. 0-0 b5 13. Na2 Rc8 14. Bd2 Qb6 15. Be3 Qb7 16. b4 0-0 17. Nd2 g6 18. Nb3 Qa8 19. Bh6 Rfe8 20. f4 Qa7 21. Bb1 e5 22. Kh1 Nxd4 23. fxe5 Rxc1 24. Naxc1 dxe5 25. Be3 Nh5 26. Kh2 Qc7 27. Nxd4 exd4+ 28. Kg1 dxe3 29. Qf3 Be6 30. Nd3 Qg3 31. Re1 Qxf3 32. gxf3 Bg5 33. Kh2 Bc4 34. Nc5 Bf4+ 35. Kg2 Rd8 0-1

[Event "GER-chB Seniors 27th"]
[Site "Magdeburg"]
[Date "2015.08.16"]
[Round "2"]
[White "Ludwig, Richard"]
[Black "Kotlenga, Dietmar"]
[Result "1/2-1/2"]
[WhiteElo "1656"]
[BlackElo "1426"]
[PlyCount "21"]
[EventDate "2015.08.15"]
[EventType "swiss"]
[EventRounds "9"]
[EventCountry "GER"]
[SourceTitle "EXT 2018"]
[Source "ChessBase"]
[SourceDate "2017.10.13"]
[SourceVersion "1"]
[SourceVersionDate "2017.10.13"]
[SourceQuality "1"]

1. e4 c5 2. c3 Nc6 3. Nf3 e6 4. Be2 d6 5. 0-0 Nf6 6. d3 Be7 7. Be3 0-0 8. Re1 Ng4 9. Qc1 Nxe3 10. Qxe3 Qb6 11. Qc1 1/2-1/2

[Event "Blankenburg op-B 13th"]
[Site "Blankenburg"]
[Date "2005.10.03"]
[Round "6"]
[White "Kotlenga, Dietmar"]
[Black "Giese, Guido"]
[Result "0-1"]
[WhiteElo "1621"]
[BlackElo "1564"]
[PlyCount "44"]
[EventDate "2005.09.30"]
[EventType "swiss"]
[EventRounds "7"]
[EventCountry "GER"]
[SourceTitle "EXT 2007"]
[Source "ChessBase"]
[SourceDate "2006.11.23"]
[SourceVersion "1"]
[SourceVersionDate "2006.11.23"]
[SourceQuality "1"]

1. d4 d5 2. Nf3 Nf6 3. e3 e6 4. Bd3 c5 5. c3 c4 6. Bc2 Be7 7. Nbd2 Nbd7 8. 0-0 0-0 9. Re1 b5 10. e4 dxe4 11. Nxe4 Bb7 12. Nxf6+ Nxf6 13. Ne5 Qc7 14. Re3 Rfd8 15. Qe2 Bd5 16. Rg3 Qb7 17. Bg5 g6 18. Bxf6 Bxf6 19. Re1 Bg7 20. Be4 Bxe5 21. dxe5 Bxe4 22. Qxe4 Qxe4 0-1

[Event "Blankenburg op-B 13th"]
[Site "Blankenburg"]
[Date "2005.10.01"]
[Round "3"]
[White "Schalanda, Nils"]
[Black "Kotlenga, Dietmar"]
[Result "1-0"]
[WhiteElo "1365"]
[BlackElo "1621"]
[PlyCount "125"]
[EventDate "2005.09.30"]
[EventType "swiss"]
[EventRounds "7"]
[EventCountry "GER"]
[SourceTitle "EXT 2007"]
[Source "ChessBase"]
[SourceDate "2006.11.23"]
[SourceVersion "1"]
[SourceVersionDate "2006.11.23"]
[SourceQuality "1"]

1. d4 d5 2. Nf3 Nf6 3. c4 e6 4. Bg5 Nbd7 5. Nc3 c6 6. e3 Qa5 7. Bxf6 Nxf6 8. a3 Ne4 9. Rc1 Be7 10. Bd3 f5 11. Bxe4 fxe4 12. Ne5 0-0 13. 0-0 Bf6 14. Ng4 Bd7 15. Nxf6+ Rxf6 16. Qb3 Qc7 17. cxd5 Rh6 18. g3 Qd8 19. dxc6 bxc6 20. Nxe4 Rb8 21. Qc2 Qf8 22. f4 Qf5 23. Ng5 Qd5 24. Rf2 Rf8 25. Qe4 Qb5 26. Rc5 Qb3 27. Rfc2 e5 28. Rxe5 Qa2 29. Rf2 Qa1+ 30. Kg2 Qd1 31. Re7 Qh5 32. h4 Qg4 33. Qe5 Rg6 34. Ne4 Bf5 35. Re8 Bxe4+ 36. Qxe4 Qxg3+ 37. Kf1 Qg1+ 38. Ke2 Qg4+ 39. Kd3 Qd1+ 40. Kc4 Qa4+ 41. Kc3 Qa5+ 42. Kc2 Qa4+ 43. Kb1 Rg1+ 44. Ka2 Qc4+ 45. b3 Qf7 46. Rxf8+ Qxf8 47. Qxc6 h6 48. Rd2 Qf5 49. Qc4+ Kh8 50. Qd3 Qg4 51. d5 Qxh4 52. Rc2 Qg4 53. f5 Rd1 54. Rd2 Rc1 55. d6 Qg1 56. Qd4 Qe1 57. b4 Ra1+ 58. Kb3 Qc1 59. Qxa1 Qxa1 60. d7 Qb1+ 61. Ka4 Qxf5 62. d8Q+ Kh7 63. Qd3 1-0